Káru ťahá stará Európa

Moderné elektromery - základný predpoklad pre budovanie tzv. smart girds, inteligentných sietí, vďaka ktorým by sa malo zefektívniť využívanie energie. Šetrenie, efektívna koordinácia výroby a spotreba zákazníkov. Usmernenie energie podľa potreby. Švédsky prístup. Inteligentné elektromery v Talian...

Descripción completa

Guardado en:
Detalles Bibliográficos
Autor principal: Legéň, Marek
Formato: Capítulo de libro
Lenguaje:eslovaco
Materias:
Etiquetas: Agregar Etiqueta
Sin Etiquetas, Sea el primero en etiquetar este registro!

MARC

LEADER 00000naa a2200000 4500
001 0166367
005 20231113080735.9
041 0 |a slo 
044 |a SK 
245 1 0 |a Káru ťahá stará Európa  |c Marek Legéň 
520 |a Moderné elektromery - základný predpoklad pre budovanie tzv. smart girds, inteligentných sietí, vďaka ktorým by sa malo zefektívniť využívanie energie. Šetrenie, efektívna koordinácia výroby a spotreba zákazníkov. Usmernenie energie podľa potreby. Švédsky prístup. Inteligentné elektromery v Taliansku. 
610 2 0 |a energetika 
610 2 0 |a energia elektrická 
610 2 0 |a technológie nové 
610 2 0 |a zdroje energie obnoviteľné 
610 2 0 |a meranie 
610 2 0 |a spotreba energie 
610 2 0 |a Švédsko 
610 2 0 |a Taliansko 
100 1 |a Legéň, Marek